000 01242cam a2200325 i 4500
001 18218136
003 EG-ScBUE
005 20211206142439.0
008 140709s2016 nyua f b 001 0 eng d
020 _a9781438006598
040 _aDLC
_beng
_erda
_cDLC
_dEG-ScBUE
082 0 4 _a742
_bBRE
_222
100 1 _aBrehm, Matthew T.,
_d1966-
_eauthor.
245 1 0 _aDrawing perspective :
_bhow to see it, how to apply it /
_cMatthew Brehm.
250 _aFirst edition.
264 1 _aHauppauge, New York :
_bBarrons Educational Series, Inc.,
_c2016.
300 _a144 pages :
_billustrations (some color) ;
_c26 cm
336 _atext
_2rdacontent
_btxt
337 _aunmediated
_2rdamedia
_bn
338 _avolume
_2rdacarrier
_bnc
500 _a"Put your skills to the test! Includes a 32-page workbook with grids to fill in and artwork to complete"--Cover.
504 _aIncludes bibliographical references and index.
650 7 _aPerspective.
_2BUEsh
_939704
650 7 _aDrawing
_xTechnique.
_2BUEsh
653 _bART
_cDecember2021
655 _vReading book
_934232
906 _a7
_bcbc
_corignew
_d2
_eepcn
_f20
_gy-gencatlg
942 _2ddc
_cBB
999 _c29697
_d29668